Intenzifikace ekonomiky Teorie a praxe plánování
Na minha lista:
| Autor principal: | |
|---|---|
| Formato: | Livro |
| Idioma: | tcheco |
| Publicado em: |
Praha
Svoboda
1989
|
| Edição: | 1. vyd. |
| Tags: |
Sem tags, seja o primeiro a adicionar uma tag!
|
MARC
| LEADER | 00000nam a2200000 4500 | ||
|---|---|---|---|
| 001 | c036659 | ||
| 005 | 20250523073924.6 | ||
| 041 | 0 | |a cze | |
| 044 | |a CZ | ||
| 245 | 1 | 0 | |a Intenzifikace ekonomiky |b Teorie a praxe plánování |c Oleg Muchovič Juň |
| 250 | |a 1. vyd. | ||
| 264 | 1 | |a Praha |b Svoboda |c 1989 | |
| 300 | |a 401 s. | ||
| 100 | 1 | |a Juň, Oleg Muchovič | |